Botany: principles and problems

Gardado en:
Detalles Bibliográficos
Autor Principal: Sinnott, Edmund Ware
Outros autores: Wilson, Katherine S
Formato: Libro
Idioma:Lingua castelá
Publicado: New York, USA McGraw-Hill 1963
Edición:Sexta edición
Subjects:
Tags: Engadir etiqueta
Sen Etiquetas, Sexa o primeiro en etiquetar este rexistro!

MARC

LEADER 00000nam a2200000 a 4500
001 UCT3389
003 CL-VaPUC
005 20250224164157.0
008 961024e19630000US |||||||||||||||||spa|d
999 |c 253059  |d 253057 
040 |c Pontificia Universidad Católica de Valparaíso 
082 0 4 |a 581 SIN 1963  |2 21 
100 0 |a Sinnott, Edmund Ware  |9 372321 
245 1 0 |a Botany: principles and problems 
250 |a Sexta edición 
260 0 3 |a New York, USA  |b McGraw-Hill  |c 1963 
300 |a 515 páginas 
583 |a last modification  |c 19961024 00:00:00  |k Rodrigo Vera 
650 0 |a Botánica  |9 264202 
650 0 |a Universo  |9 266563 
650 7 |a TIERRA  |2 CL-VaPUC  |9 261538 
650 0 |a Vida  |9 266033 
650 0 |a Plantas  |9 264555 
650 0 |a Metabolismo vegetal  |9 333115 
650 0 |a Desarrollo vegetal  |9 338112 
650 0 |a Ecosistemas  |9 261477 
650 0 |a Ecología   |9 258124 
650 0 |a Morfología vegetal   |9 261628 
650 0 |a Algas (algae)  |9 261246 
650 0 |a Hongos  |9 261629 
700 0 |a Wilson, Katherine S  |9 372322 
942 |c BK  |2 ddc 
945 |d 19961024 00:00:00  |a cmena 
952 |0 0  |1 0  |2 ddc  |4 0  |6 581_000000000000000_SIN_1963  |7 0  |8 A  |9 273503  |a BIBCUR  |b BIBCUR  |d 2019-11-19  |i 1771930  |l 2  |o 581 SIN 1963  |p 1771930  |r 2025-04-22  |s 2024-05-07  |t 1  |w 2019-11-19  |y BK  |k BIO